000 01209nam a22002417a 4500
005 20120614170415.0
008 081007t xxu||||| |||| 00| 0 mar d
010 _aMAR-22358
020 _c175.00
_a9788174869920
035 _aMR-15016
037 _bD.B.Act /pub
082 _a891.463
100 _949115
_aडेव्हिड, एस्थर
245 _aतटबंदी /
_cएस्थर डेव्हिड ; गौरी देशपांडे [तथा] अंबिका सरकार द्वारा अनुवादित
246 _bby Esther David
_aTatbandi
260 _aमुंबई
_bमौज प्रकाशन गृह
_c2012
270 _bमुंबई
_aखटाववाडी, गिरगाव,
_e400004
300 _a159पृ.
_c22 सेमी(अजिल्द)
700 _aदेशपांडे, गौरी
_950533
700 _aसरकार, अंबिका
_950534
942 _2ddc
_cMR
_mडेव्हिड
_h891.463
999 _c68752
_d68752